000 00706cab a2200241 4500
001 WB3411-49
008 090401t1998 xxu||||| |||| 00| 0 eng d
035 _a(Sirsi) u85055
041 _aeng
245 _aSouth Korean property
260 _c1998
350 _a0
490 _aFinancial Times
_v18 March 1998, 38(1)
520 _aSouth Korea is planning to open up its property market to foreign investors from July 1998 in a bid to attract capital from abroad.
650 _aASIA
650 _aFOREIGN INVESTMENT
650 _aOVERSEAS INVESTMENT
650 _aPROPERTY MARKET
650 _aREPUBLIC OF KOREA
690 _aOVERSEAS-REST OF THE WORLD
942 _n0
948 _c19/03/1998
999 _c53473
_d53473